General Psychology/ (Record no. 15782)

000 -LEADER
fixed length control field 00303nam a22001331a 4500
020 ## - INTERNATIONAL STANDARD BOOK NUMBER
ISBN 9788120707986
082 ## - DEWEY DECIMAL CLASSIFICATION NUMBER
Classification number 150
Item number MAN/G
100 ## - MAIN ENTRY--AUTHOR NAME
Personal name Mangal S K
245 ## - TITLE STATEMENT
Title General Psychology/
Statement of responsibility, etc by Mangal S K
260 ## - PUBLICATION, DISTRIBUTION, ETC. (IMPRINT)
Place of publication New Delhi:
Name of publisher Sterling,
Year of publication 1996.
300 ## - PHYSICAL DESCRIPTION
Number of Pages 304p.
650 ## - SUBJECT ADDED ENTRY--TOPICAL TERM
Topical Term Psychology
942 ## - ADDED ENTRY ELEMENTS (KOHA)
Koha item type Book
Holdings
Withdrawn status Lost status Damaged status Not for loan Permanent Location Current Location Shelving location Date acquired Cost, normal purchase price Full call number Accession Number Cost, replacement price Price effective from Koha item type
        Sree Sankaracharya University of Sanskrit Sree Sankaracharya University of Sanskrit Stacks 08.01.2015 80.00 150 MAN/G 051505 0.00 08.01.2015 Book